Statistiques concernant Géographie Générale d'Amérique du Sud

Cliquez ici pour prendre le quiz!

Statistiques générales

  • Ce quiz a été pris 282 fois
  • Le résultat moyen est 14 sur 20

Statistiques - réponses

QuestionRéponse% Correct
Quel est le plus long fleuve du continent ?L'Amazone
94%
Dans quelle ville peut-on trouver le mont du Pain de Sucre et la plage de Copacabana ?Rio de Janeiro
93%
Quelle chaîne de montagnes s'étend du nord de Colombie jusqu'au sud du Chili ?La cordillère des Andes
90%
Quel pays, avec le Brésil, borde la Guyane française ?Le Suriname
89%
Quelle est la langue la plus parlée sur le continent ?Le portugais
83%
Quelles sont les deux capitales de la Bolivie ?La Paz
81%
Quelles capitales se trouvent dans l'estuaire du Rio de la Plata ?Buenos Aires
79%
Quelles sont les deux capitales de la Bolivie ?Sucre
79%
Quelles capitales se trouvent dans l'estuaire du Rio de la Plata ?Montevideo
77%
Quel lac situé à près de 4000 mètres de hauteur se partagent le Pérou et la Bolivie ?Le lac Titicaca
76%
Quelle ancienne cité inca est aujourd'hui le lieu le plus visité du Pérou ?Machu Picchu
74%
Quelle ville colombienne est connue pour son cartel dont Pablo Escobar était au sommet ?Medellin
74%
Quelles îles britanniques sont disputées par l'Argentine ?Les îles Malouines
62%
Quelle région s'étendant en Uruguay et en Argentine tire son nom de son environnement,
à savoir de larges plaines broussailleuses mais dépourvues d'arbres ?
La pampa
53%
Quel détroit sépare ce dernier du reste du continent ?Le détroit de Magellan
49%
A quel pays appartient Aruba, Curaçao et Bonaire ?Les Pays-Bas
49%
Quel est le nom de l'archipel se situant à l'extrême-sud du continent ?La Terre de feu
47%
Quel désert extrêmement aride peut-on trouver dans le nord du Chili ?Le désert d'Atacama
44%
Quelle est la plus grande ville d'Amazonie, située au Brésil ?Manaus
40%
Quel est le nom des plus hautes chutes d'eau du monde, situées au Venezuela ?Le Salto {Ángel}
36%

Distribution des résultats

Percentile par nombre de réponses

% des personnes avec chaque résultat

Votre développement - résultats

Vous n’avez pas pris ce quiz